[Event "Groningen Chess Festival 2007"]
[Site "Groningen NED"]
[Date "2007.12.26"]
[Round "5.3"]
[White "Nijboer, Friso"]
[Black "Lobzhanidze, Davit"]
[Result "1-0"]
[PlyCount "113"]
[EventDate "2007.12.21"]
[EventType "swiss"]
[EventRounds "9"]
[EventCountry "NED"]
[Source "lmi"]
[SourceDate "2007.12.21"]
[WhiteElo "2559"]
[BlackElo "2489"]

1. e4 e5 2. Nf3 Nc6 3. Bb5 a6 4. Ba4 Nf6 5. O-O Be7 6. Re1 b5 7. Bb3 d6 8. c3
O-O 9. d4 Bg4 10. d5 Na5 11. Bc2 Qc8 12. Nbd2 c6 13. b4 Nb7 14. dxc6 Qxc6 15.
Bb2 Nd8 16. Nf1 Ne6 17. h3 Bh5 18. Ng3 Bg6 19. Nh4 Rfd8 20. Bb3 d5 21. Ngf5 Ra7
22. Nxg6 hxg6 23. Nxe7+ Rxe7 24. exd5 Nxd5 25. Qf3 Nec7 26. Rad1 Rd6 27. Qe4
Qd7 28. c4 Nf6 29. Qc2 bxc4 30. Qxc4 Nb5 31. Rxd6 Qxd6 32. Qc5 Qxc5 33. bxc5 e4
34. Bc4 Nd7 35. Rc1 Nc7 36. c6 Ne5 37. Ba3 Re8 38. Bd6 Nxc4 39. Rxc4 Rc8 40.
Kh2 f5 41. h4 Kf7 42. Bxc7 Rxc7 43. Kg3 Ke6 44. Kf4 Kd5 45. Rc1 Kd4 46. g3 a5
47. a4 Kd3 48. Ke5 Ke2 49. Rc2+ Kd3 50. Kd6 Rc8 51. Kd7 Rf8 52. Rb2 Kc3 53. Rb7
Rf7+ 54. Kd6 Rf6+ 55. Kc5 f4 56. gxf4 Rxf4 57. c7 1-0

[Event "Groningen Chess Festival 2007"]
[Site "Groningen NED"]
[Date "2007.12.26"]
[Round "5.5"]
[White "Li, Shilong"]
[Black "Hoffmann, Michael"]
[Result "1/2-1/2"]
[PlyCount "120"]
[EventDate "2007.12.21"]
[EventType "swiss"]
[EventRounds "9"]
[EventCountry "NED"]
[Source "lmi"]
[SourceDate "2007.12.21"]
[WhiteElo "2509"]
[BlackElo "2471"]

1. d4 d5 2. c4 c6 3. Nf3 e6 4. e3 Bd6 5. Nbd2 f5 6. b3 Nf6 7. Bb2 O-O 8. g3 b6
9. Bg2 Bb7 10. O-O Nbd7 11. Ne5 c5 12. Rc1 Ne4 13. Ndf3 Nxe5 14. dxe5 Be7 15.
Qc2 Qc7 16. Rfd1 Rad8 17. Ne1 dxc4 18. Qxc4 Bd5 19. Qe2 Qb7 20. f3 Ng5 21. h4
Nf7 22. Nd3 Qa6 23. Nf4 Qxe2 24. Nxe2 g5 25. hxg5 Bxg5 26. Kf2 Ba8 27. Nf4 Bxf4
28. gxf4 Rxd1 29. Rxd1 Rd8 30. Rxd8+ Nxd8 31. e4 Kf7 32. Ke3 Nc6 33. Bf1 Ne7
34. Bc3 Bc6 35. Be1 Ng6 36. Bc4 Ke7 37. Bd3 Bd7 38. b4 cxb4 39. Bxb4+ Ke8 40.
exf5 exf5 41. Bc4 Nf8 42. Bd6 Be6 43. Bb5+ Bd7 44. Bd3 Be6 45. Bb8 Nd7 46. Bc7
Nc5 47. Bb5+ Bd7 48. Bd3 Nxd3 49. Kxd3 h5 50. Bb8 a6 51. Ba7 b5 52. Bf2 Bc6 53.
Kd4 Kd7 54. Kc5 Bxf3 55. Kb6 b4 56. Kc5 a5 57. Kb5 Bd5 58. Kxa5 Bxa2 59. Kxb4
Kc6 60. Kc3 Kd5 1/2-1/2

[Event "Groningen Chess Festival 2007"]
[Site "Groningen NED"]
[Date "2007.12.26"]
[Round "5.6"]
[White "Brandenburg, Daan"]
[Black "Spoelman, Wouter"]
[Result "1/2-1/2"]
[PlyCount "30"]
[EventDate "2007.12.21"]
[EventType "swiss"]
[EventRounds "9"]
[EventCountry "NED"]
[Source "lmi"]
[SourceDate "2007.12.21"]
[WhiteElo "2483"]
[BlackElo "2445"]

1. e4 e5 2. Nf3 Nc6 3. d4 exd4 4. Nxd4 Nf6 5. Nxc6 bxc6 6. Bd3 d6 7. O-O g6 8.
b3 Bg7 9. Bb2 O-O 10. Nd2 Nxe4 11. Bxg7 Nxd2 12. Bxf8 Nxf1 13. Bxd6 Qxd6 14.
Bxf1 Qf6 15. c3 a5 1/2-1/2

[Event "Groningen Chess Festival 2007"]
[Site "Groningen NED"]
[Date "2007.12.26"]
[Round "5.9"]
[White "Swinkels, Robin"]
[Black "Pruijssers, Roeland"]
[Result "1-0"]
[PlyCount "85"]
[EventDate "2007.12.21"]
[EventType "swiss"]
[EventRounds "9"]
[EventCountry "NED"]
[Source "lmi"]
[SourceDate "2007.12.21"]
[WhiteElo "2433"]
[BlackElo "2408"]

1. e4 e5 2. Nf3 Nc6 3. Bb5 a6 4. Bxc6 dxc6 5. O-O Qd6 6. Na3 b5 7. c3 c5 8. Nc2
Bb7 9. a4 Rd8 10. axb5 axb5 11. Qe2 c4 12. b3 Qd3 13. Qxd3 cxd3 14. Na3 b4 15.
Nb5 Bd6 16. Ra7 Bxe4 17. Nxc7+ Bxc7 18. Rxc7 Bxf3 19. gxf3 Ne7 20. Re1 Ng6 21.
cxb4 O-O 22. Bb2 f6 23. b5 Rb8 24. Ra1 Rf7 25. b6 Rxc7 26. bxc7 Rc8 27. Ra7 Nf4
28. Bc3 Kf7 29. Ba5 Ke7 30. b4 Ne2+ 31. Kg2 Nd4 32. Rb7 Nc6 33. Bb6 Kd7 34. b5
Ne7 35. Bc5 Nd5 36. b6 Nf4+ 37. Kh1 Ne6 38. Be3 f5 39. Rb8 Rf8 40. Bc5 Rc8 41.
Bd6 Nd4 42. b7 Rxc7 43. Rd8+ 1-0

[Event "Groningen Chess Festival 2007"]
[Site "Groningen NED"]
[Date "2007.12.26"]
[Round "5.12"]
[White "Hoeksema, Hendrik Pieter"]
[Black "Van Kampen, Robin Oscar"]
[Result "1-0"]
[PlyCount "123"]
[EventDate "2007.12.21"]
[EventType "swiss"]
[EventRounds "9"]
[EventCountry "NED"]
[Source "lmi"]
[SourceDate "2007.12.21"]
[WhiteElo "2373"]
[BlackElo "2252"]

1. e4 c5 2. Nf3 d6 3. d4 cxd4 4. Nxd4 Nf6 5. Nc3 Nc6 6. f3 e5 7. Nb3 Be7 8. Be3
O-O 9. Qd2 Be6 10. Nd5 Bxd5 11. exd5 Nb8 12. Be2 Nbd7 13. Na5 Qc7 14. c4 Nh5
15. O-O f5 16. Rac1 f4 17. Bf2 e4 18. fxe4 Nhf6 19. Bf3 Ne5 20. Nb3 g5 21. Rfe1
g4 22. Bd1 Nh5 23. Nd4 Ng7 24. c5 dxc5 25. Nb5 Qd7 26. d6 Bf6 27. Rxc5 Kh8 28.
Bb3 g3 29. hxg3 f3 30. Nd4 fxg2 31. Kxg2 Qxd6 32. Rd5 Qe7 33. Nf5 Qe8 34. Bd4
Rd8 35. Qh6 Rxd5 36. Bxd5 Qh5 37. Qxh5 Nxh5 38. Rh1 Ng7 39. Nd6 Nd7 40. Bxa7 h5
41. b4 Be7 42. Nf5 Bxb4 43. Bd4 Nf6 44. Nxg7 Kxg7 45. Rxh5 Kg6 46. Rf5 Nxd5 47.
Rxf8 Bxf8 48. exd5 Bd6 49. Kf3 Kf7 50. g4 Be7 51. Be5 Kg6 52. Bf4 Bf6 53. Ke4
Kf7 54. Kf5 Be7 55. g5 Bf8 56. g6+ Ke7 57. Be5 Bh6 58. Bf6+ Kf8 59. Ke6 Bf4 60.
d6 b5 61. d7 Bc7 62. d8=Q+ 1-0

[Event "Groningen Chess Festival 2007"]
[Site "Groningen NED"]
[Date "2007.12.26"]
[Round "5.13"]
[White "Heemskerk, Wim"]
[Black "De Jong, Migchiel"]
[Result "0-1"]
[PlyCount "100"]
[EventDate "2007.12.21"]
[EventType "swiss"]
[EventRounds "9"]
[EventCountry "NED"]
[Source "lmi"]
[SourceDate "2007.12.21"]
[WhiteElo "2230"]
[BlackElo "2341"]

1. Nf3 g6 2. c4 Bg7 3. Nc3 Nf6 4. g3 O-O 5. Bg2 c6 6. O-O d5 7. cxd5 cxd5 8. d4
Ne4 9. Nd2 Nxd2 10. Bxd2 e6 11. e3 Nd7 12. Qb3 Nb6 13. Rfc1 Bd7 14. Bf1 Bc6 15.
a4 Rc8 16. Nb5 Bxb5 17. Rxc8 Nxc8 18. axb5 Bf6 19. Bb4 Be7 20. Bc5 b6 21. Bxe7
Qxe7 22. Rc1 Nd6 23. Rc6 Rc8 24. Qc3 Rxc6 25. bxc6 Qc7 26. b4 b5 27. Qc5 a6 28.
Bg2 f5 29. f3 Kf7 30. e4 fxe4 31. fxe4 dxe4 32. Kf2 Ke8 33. Ke3 Nc4+ 34. Kxe4
Qf7 35. c7 Qf5+ 36. Qxf5 gxf5+ 37. Kd3 Kd7 38. d5 e5 39. g4 fxg4 40. Be4 h6 41.
Bf5+ Kxc7 42. Bxg4 Nd6 43. Be6 Kb6 44. Kc3 a5 45. bxa5+ Kxa5 46. Kb3 b4 47. Bd7
e4 48. Bg4 Kb5 49. Be2+ Kc5 50. Bf1 Nf5 0-1

[Event "Groningen Chess Festival 2007"]
[Site "Groningen NED"]
[Date "2007.12.26"]
[Round "5.14"]
[White "Kleijn, Christov"]
[Black "Geurink, Jasper"]
[Result "0-1"]
[PlyCount "148"]
[EventDate "2007.12.21"]
[EventType "swiss"]
[EventRounds "9"]
[EventCountry "NED"]
[Source "lmi"]
[SourceDate "2007.12.21"]
[WhiteElo "2210"]
[BlackElo "2339"]

1. e4 e6 2. d4 d5 3. Nc3 Nf6 4. Bg5 Bb4 5. e5 h6 6. Bd2 Bxc3 7. bxc3 Ne4 8. Qg4
g6 9. Bd3 Nxd2 10. Kxd2 c5 11. h4 Nc6 12. h5 g5 13. f4 c4 14. Be2 f5 15. exf6
e5 16. Qf3 exf4 17. Re1 O-O 18. g3 Qxf6 19. Qxd5+ Be6 20. Qc5 Rac8 21. Kc1 Rfd8
22. Qb5 a6 23. Qb6 g4 24. gxf4 Qxf4+ 25. Kb2 Rd6 26. Rf1 Qd2 27. Rd1 Nxd4 28.
Rxd2 Rxb6+ 29. Kc1 Nb5 30. Kb2 Nd6+ 31. Kc1 Nb5 32. Kb2 Rc5 33. a4 Nd6+ 34. Ka3
Ne4 35. Rd4 Nxc3 36. Bxg4 Bf7 37. Ne2 Nd5 38. Rh2 Rb1 39. Bd7 b5 40. Ka2 Rf1
41. c3 Rf3 42. Kb2 Rc7 43. Bg4 Re3 44. axb5 axb5 45. Rg2 Kh8 46. Nf4 Nxf4 47.
Rxf4 b4 48. Rf3 Rxf3 49. Bxf3 b3 50. Rd2 Kg7 51. Kb1 Rc5 52. Rd4 Kf6 53. Be2
Kg5 54. Rg4+ Kf5 55. Rg7 Bd5 56. Ra7 Kf4 57. Kc1 Ke3 58. Re7+ Be4 59. Bf1 Kf4
60. Re6 Bd5 61. Ra6 Rc7 62. Ra4 Ke3 63. Ra5 Be4 64. Re5 Kf4 65. Re6 Bd5 66. Rd6
Ke5 67. Rb6 Ra7 68. Be2 Ra1+ 69. Kd2 Ra2+ 70. Ke3 Rc2 71. Rxh6 Rxc3+ 72. Kd2
Rh3 73. Rb6 c3+ 74. Ke1 Rh1+ 0-1

[Event "Groningen Chess Festival 2007"]
[Site "Groningen NED"]
[Date "2007.12.26"]
[Round "5.15"]
[White "Van den Berg, Harmen"]
[Black "Van Ketel, Raoul"]
[Result "1-0"]
[PlyCount "69"]
[EventDate "2007.12.21"]
[EventType "swiss"]
[EventRounds "9"]
[EventCountry "NED"]
[Source "lmi"]
[SourceDate "2007.12.21"]
[WhiteElo "2167"]
[BlackElo "2336"]

1. e4 e6 2. Nf3 d5 3. e5 c5 4. b4 cxb4 5. a3 Nc6 6. axb4 Bxb4 7. c3 Be7 8. d4
f6 9. Bd3 fxe5 10. dxe5 Qc7 11. O-O Nxe5 12. Nxe5 Qxe5 13. Re1 Qc7 14. Qh5+ Kf8
15. Qf3+ Nf6 16. Bf4 Bd6 17. Bg5 Qf7 18. Na3 Qh5 19. Qe3 Bd7 20. h3 Re8 21. Nb5
Bb8 22. Nxa7 h6 23. Qc5+ Kf7 24. Bxf6 gxf6 25. Reb1 b5 26. Nxb5 Qe5 27. Ra6
Bxb5 28. Rxb5 Re7 29. Kf1 Rg8 30. Be2 Qg5 31. g3 Be5 32. Qxe7+ Kxe7 33. Rb7+
Bc7 34. Rxc7+ Kd8 35. Rf7 1-0

[Event "Groningen Chess Festival 2007"]
[Site "Groningen NED"]
[Date "2007.12.26"]
[Round "5.17"]
[White "Balje, Jan"]
[Black "Pel, Bonno"]
[Result "0-1"]
[PlyCount "83"]
[EventDate "2007.12.21"]
[EventType "swiss"]
[EventRounds "9"]
[EventCountry "NED"]
[Source "lmi"]
[SourceDate "2007.12.21"]
[WhiteElo "2222"]
[BlackElo "2280"]

1. d4 g6 2. c4 d6 3. Nc3 Bg7 4. e4 e5 5. dxe5 dxe5 6. Qxd8+ Kxd8 7. f4 Nc6 8.
Nf3 h6 9. Be3 Be6 10. O-O-O+ Kc8 11. Nd5 Nf6 12. Bd3 Ng4 13. Bg1 exf4 14. Nxf4
Bd7 15. Nd5 Re8 16. h3 Nge5 17. Bh2 a5 18. Nxe5 Bxe5 19. Bxe5 Nxe5 20. Rhf1 Ra6
21. Be2 Rc6 22. b3 b5 23. Nf6 Rd8 24. Rd5 bxc4 25. Rxe5 cxb3+ 26. Kb1 bxa2+ 27.
Ka1 Be6 28. Rxa5 Rd2 29. Bg4 Rcc2 30. Bxe6+ fxe6 31. g4 Kb7 32. h4 c5 33. h5
gxh5 34. gxh5 Kb6 35. Ra3 Kb5 36. Ng4 Kb4 37. Ra6 c4 38. Rxe6 c3 39. Ne3 Rb2
40. Nd5+ Kb3 41. Rxh6 Rb1+ 42. Rxb1+ 0-1

[Event "Groningen Chess Festival 2007"]
[Site "Groningen NED"]
[Date "2007.12.26"]
[Round "5.17"]
[White "Kuipers, Stefan"]
[Black "Hovenga, Alje"]
[Result "0-1"]
[PlyCount "100"]
[EventDate "2007.12.21"]
[EventType "swiss"]
[EventRounds "9"]
[EventCountry "NED"]
[Source "lmi"]
[SourceDate "2007.12.21"]
[WhiteElo "2283"]
[BlackElo "2186"]

1. e4 c6 2. d4 d5 3. Nd2 dxe4 4. Nxe4 Nd7 5. Ng5 Ngf6 6. Bd3 e6 7. N1f3 Bd6 8.
Qe2 h6 9. Ne4 Nxe4 10. Qxe4 Qc7 11. O-O b6 12. Re1 Bb7 13. Qe2 O-O-O 14. a4
Rhe8 15. Ne5 Nb8 16. a5 f6 17. axb6 axb6 18. Nf3 g5 19. h3 Qg7 20. Bc4 e5 21.
dxe5 g4 22. hxg4 Qxg4 23. Bf7 c5 24. Bxe8 Rxe8 25. Ra3 Rxe5 26. Re3 Nd7 27. Rd1
Rxe3 28. fxe3 Bg3 29. Qd3 Bc7 30. Qf1 h5 31. Qb5 Be4 32. Qa4 Ne5 33. Kf2 Nxf3
34. gxf3 Qxf3+ 35. Ke1 Bg3+ 36. Kd2 Qf2+ 37. Kc3 Be5+ 38. Kc4 Qe2+ 39. Rd3
Bxd3+ 40. cxd3 Qg4+ 41. d4 Qe6+ 42. Kd3 cxd4 43. Qa8+ Bb8 44. Qa6+ Kd8 45. Qa8
Qf5+ 46. Ke2 d3+ 47. Kd1 Qf1+ 48. Kd2 Qe2+ 49. Kc3 Qc2+ 50. Kd4 Kc7 0-1

[Event "Groningen Chess Festival 2007"]
[Site "Groningen NED"]
[Date "2007.12.26"]
[Round "5.18"]
[White "Vinke, Andreas"]
[Black "Cooke, Eric"]
[Result "1-0"]
[PlyCount "91"]
[EventDate "2007.12.21"]
[EventType "swiss"]
[EventRounds "9"]
[EventCountry "NED"]
[Source "lmi"]
[SourceDate "2007.12.21"]
[WhiteElo "2173"]
[BlackElo "2253"]

1. c4 Nf6 2. Nf3 e6 3. g3 d5 4. b3 c5 5. Bg2 Nc6 6. O-O d4 7. e3 e5 8. exd4
exd4 9. Re1+ Be7 10. d3 O-O 11. Bg5 h6 12. Bxf6 Bxf6 13. Na3 Bf5 14. Nc2 Qd7
15. Qd2 Kh7 16. a3 a5 17. Rab1 g5 18. Kh1 Rg8 19. b4 axb4 20. axb4 Ra2 21. bxc5
h5 22. Ra1 Rxa1 23. Rxa1 h4 24. Kg1 g4 25. Nxh4 Bxh4 26. gxh4 Ne5 27. Qf4 Nf3+
28. Kh1 Bxd3 29. Ne1 Bxc4 30. Nxf3 gxf3 31. Qxf3 Rg6 32. Qxb7 Qf5 33. Be4 Qe5
34. Bxg6+ Kxg6 35. Qg2+ Kh7 36. Rg1 Bd5 37. f3 d3 38. Qg8+ Kh6 39. Qg5+ Qxg5
40. hxg5+ Kg6 41. Kg2 Kxg5 42. Kf2+ Kf4 43. Rg4+ Ke5 44. Ke3 f5 45. f4+ Ke6 46.
Rg6+ 1-0

[Event "Groningen Chess Festival 2007"]
[Site "Groningen NED"]
[Date "2007.12.26"]
[Round "5.19"]
[White "Balje, Jan"]
[Black "Pijpers, Arthur"]
[Result "1/2-1/2"]
[PlyCount "64"]
[EventDate "2007.12.21"]
[EventType "swiss"]
[EventRounds "9"]
[EventCountry "NED"]
[Source "lmi"]
[SourceDate "2007.12.21"]
[WhiteElo "2222"]
[BlackElo "2000"]

1. d4 Nf6 2. c4 c5 3. d5 b5 4. cxb5 a6 5. bxa6 g6 6. Nc3 Bxa6 7. Nf3 d6 8. g3
Bg7 9. Bg2 O-O 10. O-O Nbd7 11. Rb1 Ra7 12. b3 Qa8 13. Re1 Rb8 14. Bb2 c4 15.
Nd4 Rc7 16. Nc6 Re8 17. b4 Bb7 18. b5 Nc5 19. Qc1 Nfd7 20. Qf4 Ne5 21. Nxe5
Bxe5 22. Qxc4 Qa5 23. b6 Ba6 24. Qh4 Rb7 25. Rbc1 Rxb6 26. Ba1 Rb4 27. Qh6 Rc4
28. Qe3 Rc8 29. Ne4 Nxe4 30. Bxe5 Rxc1 31. Rxc1 Rxc1+ 32. Qxc1 dxe5 1/2-1/2

[Event "Groningen Chess Festival 2007"]
[Site "Groningen NED"]
[Date "2007.12.26"]
[Round "5.20"]
[White "Jellema, Yme Jan"]
[Black "Goudriaan, Etienne"]
[Result "1-0"]
[PlyCount "101"]
[EventDate "2007.12.21"]
[EventType "swiss"]
[EventRounds "9"]
[EventCountry "NED"]
[Source "lmi"]
[SourceDate "2007.12.21"]
[WhiteElo "2119"]
[BlackElo "2123"]

1. e4 c5 2. Nf3 d6 3. d4 cxd4 4. Nxd4 Nf6 5. Nc3 a6 6. Bc4 e6 7. Bb3 Be7 8. g4
Qa5 9. f3 d5 10. g5 e5 11. Nf5 Bxf5 12. gxf6 Bxf6 13. Qxd5 Bh4+ 14. Ke2 Qxd5
15. Nxd5 Nc6 16. Nc7+ Ke7 17. Nxa8 Nd4+ 18. Kd3 Rd8 19. Bd5 Rxd5 20. Nb6 Rb5
21. Na4 Bh3 22. c4 Ra5 23. Nc3 b5 24. b4 bxc4+ 25. Kxc4 Rb5 26. Nxb5 axb5+ 27.
Kd3 Nxf3 28. Be3 Bd7 29. Ke2 Ng5 30. Rhg1 Nxe4 31. Rxg7 Nc3+ 32. Kd3 Nd5 33.
Rf1 Nxb4+ 34. Kd2 Bf6 35. Bc5+ Ke6 36. Rxh7 Bg5+ 37. Ke2 Nxa2 38. Rfxf7 Bc6 39.
Be7 Bf4 40. Rf6+ Kd5 41. Rd6+ Kc5 42. Rd2+ Kc4 43. Rxa2 Be4 44. Rh3 Bf5 45. Rh8
Bg4+ 46. Kf2 Bd1 47. Rb2 Ba4 48. h4 Kc3 49. Rb4 Bd2 50. Ke2 Bf4 51. Rc8# 1-0

[Event "Groningen Chess Festival 2007"]
[Site "Groningen NED"]
[Date "2007.12.26"]
[Round "5.22"]
[White "Pel, Bonno"]
[Black "Kuling, Lody"]
[Result "1-0"]
[PlyCount "85"]
[EventDate "2007.12.21"]
[EventType "swiss"]
[EventRounds "9"]
[EventCountry "NED"]
[Source "lmi"]
[SourceDate "2007.12.21"]
[WhiteElo "2280"]
[BlackElo "2213"]

1. g3 g6 2. Bg2 Bg7 3. d3 d6 4. f4 c5 5. Nf3 Nc6 6. O-O e6 7. c3 Nge7 8. Be3 b5
9. Bf2 Rb8 10. Qc2 O-O 11. Nbd2 Ba6 12. a3 Qc7 13. Rfe1 Rfc8 14. e4 Bb7 15. e5
dxe5 16. Ne4 exf4 17. Nxc5 Nd5 18. d4 Ne3 19. Bxe3 fxe3 20. Qe2 Ne7 21. Qxe3
Nf5 22. Qf2 Bxf3 23. Bxf3 Qd6 24. Rad1 e5 25. dxe5 Qxc5 26. Rd8+ Qf8 27. Rxf8+
Bxf8 28. b4 Rxc3 29. Bg4 a5 30. Bxf5 axb4 31. axb4 Bxb4 32. Qb2 Rxg3+ 33. hxg3
Bxe1 34. Bd7 b4 35. Qd4 Bc3 36. Qd6 Ra8 37. Bc6 Rf8 38. Bd5 Re8 39. Qd7 Rf8 40.
Qe7 Kg7 41. g4 Bd4+ 42. Kg2 h6 43. Qf6+ 1-0

[Event "Groningen Chess Festival 2007"]
[Site "Groningen NED"]
[Date "2007.12.26"]
[Round "5.23"]
[White "Hartoch, Robert G"]
[Black "Cako, Laszlo"]
[Result "1/2-1/2"]
[PlyCount "69"]
[EventDate "2007.12.21"]
[EventType "swiss"]
[EventRounds "9"]
[EventCountry "NED"]
[Source "lmi"]
[SourceDate "2007.12.21"]
[WhiteElo "2232"]
[BlackElo "2168"]

1. Nf3 Nf6 2. g3 d5 3. Bg2 e6 4. O-O Be7 5. c4 c6 6. b3 b6 7. d4 Ba6 8. Nbd2
Nbd7 9. Bb2 O-O 10. Qc2 Rc8 11. e4 c5 12. exd5 exd5 13. a4 Re8 14. Rfe1 Nf8 15.
dxc5 Bxc5 16. Rxe8 Nxe8 17. Ne5 Nf6 18. Rd1 Qe7 19. Qf5 dxc4 20. Ndxc4 Rd8 21.
Rxd8 Qxd8 22. Qd3 Qe7 23. Bc3 Ng6 24. Nc6 Qe6 25. h3 h5 26. Nb4 Bxc4 27. Qxc4
h4 28. Qxe6 fxe6 29. gxh4 Nxh4 30. Nc6 Nxg2 31. Kxg2 a5 32. b4 axb4 33. Bxb4
Nd7 34. Bxc5 Nxc5 35. a5 1/2-1/2

[Event "Groningen Chess Festival 2007"]
[Site "Groningen NED"]
[Date "2007.12.26"]
[Round "5.24"]
[White "Pham, Toan Thanh"]
[Black "Hoffmann, Ron"]
[Result "0-1"]
[PlyCount "102"]
[EventDate "2007.12.21"]
[EventType "swiss"]
[EventRounds "9"]
[EventCountry "NED"]
[Source "lmi"]
[SourceDate "2007.12.21"]
[WhiteElo "2100"]
[BlackElo "2158"]

1. e4 c5 2. Nf3 Nc6 3. d4 cxd4 4. Nxd4 e5 5. Nb5 d6 6. N1c3 a6 7. Na3 b5 8. Nd5
Nge7 9. Nxe7 Bxe7 10. c4 b4 11. Nc2 O-O 12. h4 a5 13. g3 Be6 14. b3 Qd7 15. Be2
f5 16. exf5 Bxf5 17. Ne3 Nd4 18. Nxf5 Qxf5 19. O-O Qe4 20. Be3 Nxe2+ 21. Qxe2
Rf3 22. Rad1 Raf8 23. Qd3 Qg4 24. Qd5+ Kh8 25. Bg5 Bxg5 26. hxg5 Qxg5 27. Qxd6
h5 28. Qe6 R8f5 29. Qd5 Kh7 30. Qd8 Qg4 31. Qh4 Qxh4 32. gxh4 R5f4 33. Rd5 Rg4+
34. Kh2 Rxh4+ 35. Kg2 Rf5 36. Rfd1 Rhf4 37. R1d2 e4 38. Rxf5 Rxf5 39. Rd4 Re5
40. Rd6 g5 41. Rb6 Kg7 42. Rb5 Kf6 43. Rb6+ Kf5 44. Rb8 e3 45. Rf8+ Kg4 46.
fxe3 Rxe3 47. Kf2 Rc3 48. Kg2 h4 49. Rf2 h3+ 50. Kh2 Kh4 51. Rd2 g4 0-1

[Event "Groningen Chess Festival 2007"]
[Site "Groningen NED"]
[Date "2007.12.26"]
[Round "5.25"]
[White "Kamali, Mehran"]
[Black "Wielenga, Wiebe"]
[Result "1-0"]
[PlyCount "85"]
[EventDate "2007.12.21"]
[EventType "swiss"]
[EventRounds "9"]
[EventCountry "NED"]
[Source "lmi"]
[SourceDate "2007.12.21"]
[WhiteElo "1988"]
[BlackElo "2118"]

1. e4 e5 2. Nf3 Nc6 3. Bb5 a6 4. Ba4 Nf6 5. O-O Be7 6. Re1 b5 7. Bb3 d6 8. d4
O-O 9. c3 Bg4 10. d5 Na5 11. Bc2 Qc8 12. Nbd2 c6 13. h3 Bd7 14. dxc6 Qxc6 15.
Nf1 h6 16. Ng3 Rfe8 17. Nh4 Bf8 18. a4 Qb7 19. Nhf5 Re6 20. Nh5 Nxh5 21. Qxh5
b4 22. Re3 Be8 23. Bd2 Nc4 24. Re2 Nxd2 25. Rxd2 bxc3 26. bxc3 Qb2 27. Rb1 Qxc3
28. Qd1 Rg6 29. Kh2 Qc7 30. Bb3 Rb8 31. Rc2 Qd8 32. Rcb2 Rc8 33. Bd5 Bc6 34.
Rb6 Bxd5 35. Qxd5 Qg5 36. g3 Rc2 37. R1b2 Rxb2 38. Rxb2 Rf6 39. Rb8 Rxf5 40.
exf5 Qxf5 41. Kg2 Qf6 42. Qa8 Qe7 43. Re8 1-0

[Event "Groningen Chess Festival 2007"]
[Site "Groningen NED"]
[Date "2007.12.27"]
[Round "6.1"]
[White "Banikas, Hristos"]
[Black "Nijboer, Friso"]
[Result "1/2-1/2"]
[PlyCount "53"]
[EventDate "2007.12.21"]
[EventType "swiss"]
[EventRounds "9"]
[EventCountry "NED"]
[Source "lmi"]
[SourceDate "2007.12.21"]
[WhiteElo "2591"]
[BlackElo "2559"]

1. d4 d6 2. e4 Nf6 3. f3 e5 4. dxe5 dxe5 5. Qxd8+ Kxd8 6. Bc4 Ke8 7. Nc3 a6 8.
Bg5 Nbd7 9. a4 Bd6 10. a5 b5 11. axb6 Nxb6 12. Ba2 Nfd7 13. O-O-O f6 14. Be3
Bc5 15. Bxc5 Nxc5 16. Nd5 Nxd5 17. Rxd5 Nb7 18. Rd3 c6 19. Ne2 Ke7 20. Rhd1 Rd8
21. Ra3 Rxd1+ 22. Kxd1 Be6 23. Bxe6 Kxe6 24. Nc1 Kd6 25. Nd3 a5 26. Ke2 c5 27.
Ra4 1/2-1/2

[Event "Groningen Chess Festival 2007"]
[Site "Groningen NED"]
[Date "2007.12.27"]
[Round "6.2"]
[White "Mastrovasilis, Dimitrios"]
[Black "Ernst, Sipke"]
[Result "1/2-1/2"]
[PlyCount "31"]
[EventDate "2007.12.21"]
[EventType "swiss"]
[EventRounds "9"]
[EventCountry "NED"]
[Source "lmi"]
[SourceDate "2007.12.21"]
[WhiteElo "2559"]
[BlackElo "2539"]

1. e4 e5 2. Nf3 Nc6 3. Bb5 a6 4. Ba4 d6 5. c3 Bd7 6. d4 g6 7. Bg5 f6 8. Be3 Nh6
9. h3 Nf7 10. d5 Ne7 11. c4 Bg7 12. Nc3 O-O 13. Bxd7 Qxd7 14. Nd2 f5 15. f3 Bh6
16. Qe2 1/2-1/2

[Event "Groningen Chess Festival 2007"]
[Site "Groningen NED"]
[Date "2007.12.27"]
[Round "6.5"]
[White "Reinderman, Dimitri"]
[Black "Swinkels, Robin"]
[Result "1/2-1/2"]
[PlyCount "54"]
[EventDate "2007.12.21"]
[EventType "swiss"]
[EventRounds "9"]
[EventCountry "NED"]
[Source "lmi"]
[SourceDate "2007.12.21"]
[WhiteElo "2510"]
[BlackElo "2433"]

1. e4 c5 2. Nf3 d6 3. d4 cxd4 4. Nxd4 Nf6 5. Nc3 Nc6 6. Bc4 Qb6 7. Nb3 e6 8.
Bf4 Ne5 9. Be2 Bd7 10. Qd2 Rc8 11. O-O-O Be7 12. f3 O-O 13. g4 Rfd8 14. h4 a5
15. Be3 Qc7 16. a4 Nc4 17. Bxc4 Qxc4 18. Qf2 e5 19. Qf1 Qb4 20. Kb1 Bxa4 21. g5
Bxb3 22. gxf6 Rxc3 23. bxc3 Qa3 24. cxb3 Qxb3+ 25. Ka1 Qa3+ 26. Kb1 Qb3+ 27.
Ka1 Qa3+ 1/2-1/2

[Event "Groningen Chess Festival 2007"]
[Site "Groningen NED"]
[Date "2007.12.27"]
[Round "6.7"]
[White "Hoeksema, Hendrik Pieter"]
[Black "Adly, Ahmed"]
[Result "0-1"]
[PlyCount "166"]
[EventDate "2007.12.21"]
[EventType "swiss"]
[EventRounds "9"]
[EventCountry "NED"]
[Source "lmi"]
[SourceDate "2007.12.21"]
[WhiteElo "2373"]
[BlackElo "2494"]

1. e4 c5 2. Nf3 d6 3. Bb5+ Nd7 4. d4 Ngf6 5. Nc3 a6 6. Bxd7+ Nxd7 7. O-O e6 8.
Bg5 Be7 9. Bxe7 Qxe7 10. a4 O-O 11. Qd2 Rd8 12. Rfd1 cxd4 13. Qxd4 Nf8 14. Qb6
a5 15. Rd2 Ra6 16. Qe3 Bd7 17. Rad1 Ng6 18. Nd4 Ne5 19. b3 f6 20. Ndb5 Nf7 21.
f4 Rc8 22. Ne2 Bxb5 23. axb5 Raa8 24. Qd4 Qc7 25. Ra1 d5 26. exd5 exd5 27. Rad1
Qc5 28. Qxc5 Rxc5 29. Nd4 Re8 30. Ra1 b6 31. b4 axb4 32. Ra6 b3 33. Nxb3 Rxb5
34. Ra7 g6 35. g3 Kf8 36. Nd4 Rb1+ 37. Kg2 Re7 38. Ra8+ Kg7 39. Rb8 f5 40. Nf3
Rb2 41. Rc8 Nd6 42. Rc6 Nc4 43. Rf2 b5 44. Nd4 b4 45. Ne6+ Rxe6 46. Rxe6 d4 47.
Rc6 Ne3+ 48. Kf3 b3 49. cxb3 Rxb3 50. Ke2 Ng4 51. Rf3 Rb2+ 52. Ke1 Nxh2 53. Rd3
Kh6 54. Rc7 Ra2 55. Kd1 Nf1 56. Ke1 Ne3 57. Rd2 Ra1+ 58. Ke2 Nd5 59. Rf7 Ra3
60. Kf2 Nc3 61. Rxd4 Ne4+ 62. Rxe4 fxe4 63. g4 Rb3 64. Kg2 Rf3 65. Kg1 g5 66.
fxg5+ Kxg5 67. Rxh7 Kxg4 68. Rg7+ Kf4 69. Ra7 Rb3 70. Ra2 Kf3 71. Rf2+ Ke3 72.
Ra2 Rd3 73. Ra8 Ke2 74. Ra2+ Rd2 75. Ra8 e3 76. Re8 Rd5 77. Ra8 Rg5+ 78. Kh2
Kf2 79. Rf8+ Ke1 80. Ra8 e2 81. Rd8 Kf2 82. Rf8+ Ke3 83. Re8+ Kf3 0-1